000 00887pam a2200289 i 4500
008
020 _a9781909836228 (paperback)
040 _aNUST
_cNUST
049 _aMAIN
090 _aRE48
_bRAJ
100 1 _aRajak, Saul
_eauthor.
245 1 0 _aEye diseases in hot climates /
_cSaul Rajak and John Sandford-Smith.
250 _aFifth edition.
260 _aLondon :
_bJP Medical Publishers,
_c2015.
300 _ax, 541 pages :
_billustrations (chiefly colour) ;
_c24 cm.
336 _atext
_btxt
_2rdacontent
337 _aunmediated
_2rdamedia.
338 _avolume
_2rdacarrier
500 _aIncludes index.
650 0 _aEye
_xDiseases.
650 0 _aTropical medicine.
700 1 _aSandford-Smith, John
_eauthor.
907 _a.b10380395
_b16-06-21
_c15-06-17
003
005 20230120204309.0
942 _cBOOKS
_kRE48
_mRAJ
999 _c120681
_d120681